| 000 | 00909nam a2200253Ia 4500 | ||
|---|---|---|---|
| 003 | OSt | ||
| 005 | 20220927105316.0 | ||
| 006 | a|||||r|||| 00| 0 | ||
| 007 | ta | ||
| 008 | 220926b |||||||| |||| 00| 0 eng d | ||
| 024 | _a174076 | ||
| 037 | _cReference Collections | ||
| 040 |
_aRTL _cRTL _beng |
||
| 041 |
_2eng _aeng |
||
| 082 | _a"X:54.436.P, P5/UN" | ||
| 110 |
_aUNITED NATION ENVIRONMENT PROGRAMME _9353743 |
||
| 245 | 0 |
_aSustainable use of natural resources in the context of trade liberalization and export growth _b Astudy on the use of economic instruments in the pulp and paper industry |
|
| 260 |
_aNairobi _bUNEP _c2005 |
||
| 300 |
_a"xii,54p" _ccm. |
||
| 500 | _aBibliography P 43-45; Appendix : 47-54 | ||
| 700 |
_aUNITED NATION ENVIRONMENT PROGRAMME _9353744 |
||
| 942 |
_h"X:54.436.P, P5/UN" _cCC |
||
| 999 |
_c691718 _d691718 |
||